Το φύλο των δικαιωμάτων : εξουσία, γυναίκες και ιδιότητα του πολίτη ; ευρωπαϊκό συνέδριο, Αθήνα 9-10 Φεβρουαρίου 1996 ; πρακτικά

Αποθηκεύτηκε σε:
Λεπτομέρειες βιβλιογραφικής εγγραφής
Συλλογικό Έργο: Ευρωπαϊκό Συνέδριο "Το φύλο των δικαιωμάτων: εξουσία, γυναίκες και ιδιότητα του πολίτη", Κέντρο Γυναικείων Μελετών και Ερευνών ΔΙΟΤΙΜΑ
Μορφή: Βιβλίο
Γλώσσα:Greek
Δημοσίευση: Αθήνα : Νεφέλη, 1999.
Θέματα:
Ετικέτες: Προσθήκη ετικέτας
Δεν υπάρχουν, Καταχωρήστε ετικέτα πρώτοι!

MARC

LEADER 00000cam a2200000 i 4500
001 1/2791
008 100108s1999 gr | ||| |||| ||gre||
020 |a 9602114304 
035 |l 10106146 
040 |a GR-MY-UA  |b gre  |e aacr 
041 0 |a gre 
082 7 |a 323.34   |2 (22) 
245 0 3 |a Το φύλο των δικαιωμάτων :   |b εξουσία, γυναίκες και ιδιότητα του πολίτη ; ευρωπαϊκό συνέδριο, Αθήνα 9-10 Φεβρουαρίου 1996 ; πρακτικά /   |c Κέντρο Γυναικείων Μελετών και Ερευνών ΔΙΟΤΙΜΑ.  
260 |a Αθήνα :   |b Νεφέλη,   |c 1999.  
300 |a 565 σ. ;   |c 25 εκ.  
500 |a Το ευρωπαϊκό συνέδριο "Το φύλο των δικαιωμάτων: εξουσία, γυναίκες και ιδιότητα του πολίτη" διοργανώθηκε από το Κέντρο Γυναικείων Μελετών και Ερευνών ΔΙΟΤΙΜΑ με τη συμβολή της Μονάδας Ίσων Ευκαιριών της Ευρωπαϊκής Επιτροπής.  
504 |a Περιέχει βιβλιογραφικές παραπομπές.  
650 0 0 |a Women's rights  |z Europe  |x Congresses. 
650 0 0 |a Women  |x Legal status, laws, etc.  |z Europe  |x Congresses. 
650 0 0 |a Women and democracy  |z Europe  |x Congresses. 
710 1 |a Ευρωπαϊκό Συνέδριο "Το φύλο των δικαιωμάτων: εξουσία, γυναίκες και ιδιότητα του πολίτη". 
710 2 |a Κέντρο Γυναικείων Μελετών και Ερευνών ΔΙΟΤΙΜΑ. 
852 |a INST  |b LESVOS  |e 20100108  |h 323.34 ΦΥΛ  |p 005100045930  |q 005100045930  |t BK  |y 0 
901 |a BIBL1-2010-1 
909 |a Λ  |b 160072 
970 |a ΚΑΡΑ  |b ΓΙΑΣΕΜΗ  |z 2010/01/08